000
00266nam a2200121Ia 4500
008
190216s9999||||xx |||||||||||||| ||und||
100
_a
Fraser G S
245
0
_a
W B Yeats
260
_b
Longmans
_c
1967
300
_a
44p
650
_a
English Literature
942
_c
BK
999
_c
12717
_d
12717